| 000 | 00469nam a2200193Ia 4500 | ||
|---|---|---|---|
| 003 | OSt | ||
| 005 | 20240624152035.0 | ||
| 008 | 210210b1989 xxu||||| |||| 00| 0 eng d | ||
| 040 |
_aAL _c |
||
| 041 | _aTulu | ||
| 082 | _aT894.2 MANB | ||
| 100 |
_aMANU IDYA _927720 _dಮನು ಇಡ್ಯಾ |
||
| 245 |
_aBali _bಬಲಿ |
||
| 260 |
_aSuratkal _bSingara Suratkal _c1989 |
||
| 300 | _a32,xvi | ||
| 690 |
_aTulu Drama _927721 |
||
| 906 | _a043053 | ||
| 942 |
_2ddc _cBK |
||
| 999 |
_c92388 _d92388 |
||